| 000 | 00787nam a2200265Ia 4500 | ||
|---|---|---|---|
| 001 | Z_1382 | ||
| 003 | CHAP | ||
| 008 | 220113s1975 xx 000 0 und d | ||
| 010 | _a164471 | ||
| 040 | _cCHAP | ||
| 090 | _aTesis F 246 | ||
| 100 |
_aFernández Heredia, Manuel _940204 |
||
| 245 |
_aClopidol en el tratamiento de anaplasmosis / _cpor Manuel Fernández Heredia |
||
| 260 |
_aGuadalajara, Jal. : _bEl autor, _c1975 |
||
| 300 | _a39 h. ; gráfs. | ||
| 502 | _aTesis (Médico Veterianrio Zootecnista) -- Universidad de Guadalajara. Facultad de Medicina Veterinaria y Zootecnia | ||
| 650 |
_aAnaplasmosís _95477 |
||
| 650 |
_aGanado vacuno _xEnfermedades _945460 |
||
| 901 | _aTESIS F 246 | ||
| 902 | _aM | ||
| 910 | _a1975 | ||
| 942 | _c2 | ||
| 942 | _c2 | ||
| 999 |
_c164471 _d164471 |
||